Chapter Life Cycle Inventory (LCI) Approach Used for Rare Earth Elements (REEs) from Monazite Material, Considering Uncertainty (Record no. 25122)
[ view plain ]
| 000 -LEADER | |
|---|---|
| fixed length control field | 00694nam a2200121Ia 4500 |
| 008 - FIXED-LENGTH DATA ELEMENTS--GENERAL INFORMATION | |
| fixed length control field | 220620s9999||||xx |||||||||||||| ||und|| |
| 100 ## - MAIN ENTRY--PERSONAL NAME | |
| Personal name | Bieda, Bogusław||Sala, Dariusz |
| 245 #0 - TITLE STATEMENT | |
| Title | Chapter Life Cycle Inventory (LCI) Approach Used for Rare Earth Elements (REEs) from Monazite Material, Considering Uncertainty |
| 546 ## - LANGUAGE NOTE | |
| Language note | English[eng] |
| 650 ## - SUBJECT ADDED ENTRY--TOPICAL TERM | |
| Topical term or geographic name entry element | rare earth elements (REEs), life cycle inventory (LCI), life cycle assessment (LCA), Monte Carlo (MC) simulation, Crystal Ball® (CB), sensitivity analysis (SA), uncertainty |
| 856 ## - ELECTRONIC LOCATION AND ACCESS | |
| Uniform Resource Identifier | <a href="https://library.oapen.org/bitstream/20.500.12657/49326/1/62960.pdf||https://library.oapen.org/bitstream/20.500.12657/49326/1/62960.pdf">https://library.oapen.org/bitstream/20.500.12657/49326/1/62960.pdf||https://library.oapen.org/bitstream/20.500.12657/49326/1/62960.pdf</a> |
| 942 ## - ADDED ENTRY ELEMENTS (KOHA) | |
| Koha item type | E-Books |
| Withdrawn status | Lost status | Damaged status | Not for loan | Home library | Current library | Date acquired | Total Checkouts | Date last seen | Price effective from | Koha item type |
|---|---|---|---|---|---|---|---|---|---|---|
| Kerala University of Digital Sciences, Innovation and Technology Knowledge Centre | Kerala University of Digital Sciences, Innovation and Technology Knowledge Centre | 20/06/2022 | 20/06/2022 | 20/06/2022 | E-Books |